000 00372nam a2200145Ia 4500
005 20260328104246.0
008 260328s9999||||xx |||||||||||||| ||und||
100 _aChilds, Mark C.
245 0 _aSquqres a Public Place Design Guide for Urbanists /
_cMark C. Childs
250 _a5a ed.
260 _bAlbuquerque
300 _a208 p.
650 _aURBANISMO
942 _cBK
999 _c10064
_d10064